Select the Electric Guitar Parts - Statistics

General Stats
  • This quiz has been taken 6,096 times
    2,998 since last reset
  • The average score is 9 of 16
Answers on the Map
Answers color-coded by a green-red scale on the quiz's map according to % correct below.
 
Answer Stats
Answer % Correct
Body
87%
Fretboard
70%
Headstock
69%
Frets
66%
Pickguard/Scratchplate
64%
Toggle Switch
63%
Volume Controls
62%
Bridge
60%
Pickups
58%
Tuning Pegs/Machine Heads
57%
Position Markers
53%
Strings
52%
Strap Buttons
50%
Tone Controls
50%
Truss Rod Cover
46%
Nut
41%
No matching quizzes found
Score Distribution
Percent of People with Each Score
Percentile by Number Answered
Your Score History
You have not taken this quiz since the last reset